000 01087nam a22003617a 4500
001 BR0603827
003 BR-BrBNA
005 20230928102253.0
007 ta
008 230509b bl.||||| |||| 00| 0 por d
020 _aISBN 85-87062-57-3
040 _aBR-BrBNA
_bpor
_cBiblioteca Nacional de Agricultura
041 _a(Por)
072 _aE50; E14; E13
090 _ E50 BR0603827
110 1 _aBanco do Nordeste do Brasil S.A., Fortaleza, CE (Brasil)
245 1 _aPluriatividade no espaço rural do pólo baixo Jaguaribe, Ceará
_bSérie Documentos do ETENE n. 11
260 3 _aFortaleza, CE (Brasil):
_c2006.
300 _a86 p.
500 _a35 ref.; 38 tables; 8 illus.
650 _aZONA RURAL
650 _aPROJETO DE DESENVOLVIMENTO
650 _aAGRONEGÓCIO
650 _aDESENVOLVIMENTO SÓCIO-ECONÔMICO
650 _aSOCIOLOGIA RURAL
650 _aFINANCIAMENTO
650 _aCAPACITAÇÃO
650 _aASSISTÊNCIA TÉCNICA
650 _aDADOS ESTATÍSTICOS
650 _aDIVULGAÇÃO
909 _a202309
_bLucia
_c55
_dLucia Elande
942 _cBK
999 _c69945
_d69945